Policy-making in the European Union / (Record no. 12448)
[ view plain ]
| 000 -LEADER | |
|---|---|
| fixed length control field | 01392cam a2200325 a 4500 |
| 001 - CONTROL NUMBER | |
| control field | 11965346 |
| 005 - DATE AND TIME OF LATEST TRANSACTION | |
| control field | 20171009112908.0 |
| 008 - FIXED-LENGTH DATA ELEMENTS--GENERAL INFORMATION | |
| fixed length control field | 000405s2000 enkab b 001 0 eng |
| 010 ## - LIBRARY OF CONGRESS CONTROL NUMBER | |
| LC control number | 00039935 |
| 020 ## - INTERNATIONAL STANDARD BOOK NUMBER | |
| International Standard Book Number | 019878242X |
| 040 ## - CATALOGING SOURCE | |
| Original cataloging agency | DLC |
| Transcribing agency | DLC |
| Modifying agency | DLC |
| 043 ## - GEOGRAPHIC AREA CODE | |
| Geographic area code | e------ |
| 050 00 - LIBRARY OF CONGRESS CALL NUMBER | |
| Classification number | JN30 |
| Item number | .P63 2000 |
| 082 00 - DEWEY DECIMAL CLASSIFICATION NUMBER | |
| Classification number | 341.2422 |
| Edition number | 21 |
| Item number | POL |
| 245 00 - TITLE STATEMENT | |
| Title | Policy-making in the European Union / |
| Statement of responsibility, etc | Edited by Helen Wallace and William Wallace. |
| 250 ## - EDITION STATEMENT | |
| Edition statement | 4th ed. |
| 260 ## - PUBLICATION, DISTRIBUTION, ETC. (IMPRINT) | |
| Place of publication, distribution, etc | Oxford [England] : |
| Name of publisher, distributor, etc | Oxford University Press, |
| Date of publication, distribution, etc | c2000. |
| 300 ## - PHYSICAL DESCRIPTION | |
| Extent | xxxiii, 610 p. : |
| Other physical details | ill., 1 map ; |
| Dimensions | 25 cm. |
| 490 #4 - Series Statement | |
| Series statement | The new European Union series |
| 504 ## - BIBLIOGRAPHY, ETC. NOTE | |
| Bibliography, etc | Includes bibliographical references and index. |
| 650 #0 - SUBJECT ADDED ENTRY--TOPICAL TERM | |
| Topical term or geographic name as entry element | Political planning |
| Geographic subdivision | European Union countries. |
| 9 (RLIN) | 8199 |
| 610 20 - SUBJECT ADDED ENTRY--CORPORATE NAME | |
| 9 (RLIN) | 8198 |
| Corporate name or jurisdiction name as entry element | European Union |
| 700 1# - ADDED ENTRY--PERSONAL NAME | |
| Personal name | Wallace, Helen |
| Fuller form of name | (Helen S.) |
| 9 (RLIN) | 8200 |
| 700 1# - ADDED ENTRY--PERSONAL NAME | |
| Personal name | Wallace, William, |
| Dates associated with a name | 1941- |
| 9 (RLIN) | 8201 |
| 856 42 - ELECTRONIC LOCATION AND ACCESS | |
| Materials specified | Publisher description |
| Uniform Resource Identifier | <a href="http://www.loc.gov/catdir/enhancements/fy0610/00039935-d.html">http://www.loc.gov/catdir/enhancements/fy0610/00039935-d.html</a> |
| 856 41 - ELECTRONIC LOCATION AND ACCESS | |
| Materials specified | Table of contents only |
| Uniform Resource Identifier | <a href="http://www.loc.gov/catdir/enhancements/fy0610/00039935-t.html">http://www.loc.gov/catdir/enhancements/fy0610/00039935-t.html</a> |
| 856 42 - ELECTRONIC LOCATION AND ACCESS | |
| Materials specified | Contributor biographical information |
| Uniform Resource Identifier | <a href="http://www.loc.gov/catdir/enhancements/fy0726/00039935-b.html">http://www.loc.gov/catdir/enhancements/fy0726/00039935-b.html</a> |
| 942 ## - ADDED ENTRY ELEMENTS (KOHA) | |
| Source of classification or shelving scheme | Dewey Decimal Classification |
| Item type | Book - Borrowing |
| Withdrawn status | Item status | Source of classification or shelving scheme | Damaged status | Not for loan | Vendor | Home library | Current library | Shelving location | Date acquired | Source of acquisition | Total Checkouts | Total Renewals | Full call number | Barcode | Date last seen | Date last borrowed | Koha item type | Public note |
|---|---|---|---|---|---|---|---|---|---|---|---|---|---|---|---|---|---|---|
| Dewey Decimal Classification | Donation-Gift | Central Library | Central Library | First floor | 28/07/2009 | Donation | 7 | 28 | 341.2422 POL | 000017603 | 15/07/2025 | 04/12/2023 | Book - Borrowing | Donations - Dr. Bassem Ahmed Hassan |